| 000 | 01119 a2200193 4500 | ||
|---|---|---|---|
| 001 | 445942 | ||
| 003 | XX-XxUND | ||
| 008 | s2021 xx |||||||||||| ||||und d | ||
| 020 | _a9786079945138 | ||
| 035 | _a9786079945138 | ||
| 100 | 1 |
_aJuan Abelardo Hernández Franco _eauthor |
|
| 245 | 1 | _aCurso de filosofía del derecho | |
| 260 |
_aMéxico _bMéxico _c2021-07-03 21:06:43 |
||
| 520 | _aLa estructura de la obra se apega a la mayoría de los planes de estudio de la materia filosofía del derecho. Tiene tres secciones que permiten dar seguimiento de manera ordenada y sistemática a los conocimientos elementales de la asignatura pues abordan los paradigmas filosóficos que sustentaron el ejercicio jurisprudencial y el desarrollo de la ciencia jurídica. | ||
| 650 | 4 | _ajurisprudencia,definición,fines,categorías jurídicas,filosofía del derecho,poder jurídico político,verdad,filosofía,ciencias jurídicas,valores,decisión judicial,ciencia,intencionalidad | |
| 754 | 1 |
_acategory _cFormativa |
|
| 856 | 4 | _uhttps://biblioteca.dikaia.com.mx/reader/curso-de-filosofia-del-derecho-1625365315 | |
| 942 | _cRAA | ||
| 999 |
_c173869 _d173869 |
||